000 00892nam0a22002411 4500
001 v19\rc\2015814
005 20250620003104.0
035 _a(NLR Aleph) 005096891
090 _a7353251
_c7353251
100 _a20080925d1903 |||y0rusy50 ca
101 0 _arus
102 _aRU
105 _ay z |||||
200 1 _aК вопросу о хлебных залежах
_eЗаписка пред. Правл. О-ва Рязанско-Уральской ж. д. И.Е. Ададурова 8 марта 1903 г.
210 _aСанкт-Петербург
_cтип. при Пр. Об. Ряз.-Ур. ж. д.
_dценз. 1903
215 _a4 с.
_d35
309 _aБез тит. л. и обл.
700 1 _aАдадуров
_bИ.Е.
_f1841-1907
_gИван Евграфович
801 0 _aRU
_bNLR
_gpsbo
801 1 _aRU
_bProSoft-M
_2rusmarc
852 _aNLR
_j34.83.2.340
942 _cBOOK
980 _aNB